| 000 | 00562nam a22002177a 4500 | ||
|---|---|---|---|
| 003 | OSt | ||
| 005 | 20140310181921.0 | ||
| 008 | 130718t xxu||||| |||| 00| 0 eng d | ||
| 020 | _a0770428207 | ||
| 050 |
_aPR 9199.3.A8 _b.At887 1985 |
||
| 082 |
_aTR 800 _bA9 1985 |
||
| 100 |
_aAtwood, Margaret _91621 |
||
| 245 |
_aThe Handmaids tale. _cAtwood, Margaret |
||
| 260 |
_aCanada : _bSeal Books, _cc1985. |
||
| 300 |
_a402p.; _c17 cm. |
||
| 521 | _aFaculty | ||
| 541 | _j1 | ||
| 562 | _e1 | ||
| 650 | _2 Literature. | ||
| 942 |
_2lcc _cBK-TR _kTR |
||
| 999 |
_c6976 _d6976 |
||